Podnik a obchodovanie s emisiami

Uložené v:
Podrobná bibliografia
Hlavný autor: Romančíková, Eva
Médium: Kapitola
Jazyk:Slovak
Tagy: Pridať tag
Žiadne tagy, Buďte prvý, kto otaguje tento záznam!

MARC

LEADER 00000naa$a2200000$$$4500
001 0061199
005 20240502071702.1
041 0 |a slo 
044 |a SK 
245 1 0 |a Podnik a obchodovanie s emisiami  |c Eva Romančíková 
100 1 |a Romančíková, Eva